[Event "Chinese Chess League"]
[Site "CHN"]
[Date "2016.06.23"]
[EventDate "2016.04.12"]
[Round "5.4"]
[Result "1/2-1/2"]
[White "Shen Yang"]
[Black "Wang Jue"]
[WhiteElo "2472"]
[BlackElo "2380"]
[PlyCount "233"]

1. d4 Nf6 2. c4 g6 3. Nc3 Bg7 4. e4 d6 5. Be2 O-O 6. Nf3 e5
7. dxe5 dxe5 8. O-O Na6 9. Be3 c6 10. Qxd8 Rxd8 11. Rfd1 Re8
12. h3 Bf8 13. a3 Nc5 14. Nd2 a5 15. b3 Ne6 16. Na4 Nd7
17. Bg4 Nd4 18. Bxd4 exd4 19. Bxd7 Bxd7 20. c5 Be6 21. Rab1 f5
22. Nf3 fxe4 23. Nxd4 Bd5 24. Nc2 Rad8 25. Ne3 Bf7 26. b4 Rd3
27. Rxd3 exd3 28. bxa5 Ra8 29. Nb2 Bxc5 30. Nxd3 Bxe3 31. fxe3
Rxa5 32. Rxb7 Rxa3 33. Ne5 Bd5 34. Ng4 h5 35. Nf6+ Kf8 36. e4
Be6 37. Nh7+ Ke8 38. Ng5 Bd7 39. Kf2 c5 40. Rc7 Rc3 41. e5 Bf5
42. Nf7 Rc2+ 43. Kg3 Be6 44. Nd6+ Kd8 45. Rxc5 Rd2 46. Ne4 Rd4
47. Ng5 Bd5 48. e6 Ke7 49. Rc7+ Kf6 50. e7 h4+ 51. Kf2 Bf7
52. Ke3 Rd5 53. Ne4+ Ke6 54. Kf4 Rd4 55. Ke3 Rd5 56. Ra7 Rb5
57. Nd2 Re5+ 58. Kf4 g5+ 59. Kf3 Bh5+ 60. g4 hxg3+ 61. Kxg3
Re3+ 62. Kf2 Re2+ 63. Kg3 Rxd2 64. Ra5 Kf6 65. h4 gxh4+
66. Kxh4 Be8 67. Ra7 Ke6 68. Kg3 Bd7 69. Kf4 Kxe7 70. Ke3 Rd6
71. Ke4 Ke6 72. Ke3 Bc6 73. Rh7 Kd5 74. Rh5+ Kc4 75. Rh4+ Kc5
76. Rh5+ Bd5 77. Rh8 Rg6 78. Rc8+ Kd6 79. Rc3 Ke5 80. Rd3 Be4
81. Rc3 Rg2 82. Rc5+ Bd5 83. Rc3 Ra2 84. Rd3 Bc4 85. Rc3 Kd5
86. Kf4 Kd4 87. Rf3 Bd5 88. Rf1 Rd2 89. Kf5 Bc4 90. Rf4+ Kd5
91. Kf6 Re2 92. Rf5+ Kd6 93. Rf4 Re6+ 94. Kf5 Bd3+ 95. Kg4 Be4
96. Kg3 Ke5 97. Rg4 Kd4 98. Kf4 Rf6+ 99. Kg5 Rf5+ 100. Kh6 Rf7
101. Rg7 Rf4 102. Kg5 Rf5+ 103. Kg4 Ke3 104. Re7 Rf1 105. Kg5
Rg1+ 106. Kf6 Kf4 107. Rg7 Ra1 108. Re7 Bf5 109. Rc7 Ra5
110. Rc6 Ra7 111. Rd6 Rh7 112. Rd4+ Be4 113. Rd6 Rh6+ 114. Ke7
Rh7+ 115. Kf6 Rh6+ 116. Ke7 Rxd6 117. Kxd6 1/2-1/2

[Event "Chinese Chess League"]
[Site "CHN"]
[Date "2016.06.24"]
[EventDate "2016.04.12"]
[Round "6.3"]
[Result "1/2-1/2"]
[White "Ding Yixin"]
[Black "Shen Yang"]
[WhiteElo "2426"]
[BlackElo "2472"]
[PlyCount "65"]

1. e4 e5 2. Nf3 Nc6 3. Nc3 Nf6 4. d4 exd4 5. Nxd4 Bb4 6. Nxc6
bxc6 7. Bd3 d5 8. exd5 cxd5 9. O-O O-O 10. h3 c6 11. Qf3 Rb8
12. Bf4 Bd6 13. b3 Rb4 14. Ne2 Bxf4 15. Nxf4 Qd6 16. Nh5 Nxh5
17. Qxh5 g6 18. Qf3 Qf4 19. Qxf4 Rxf4 20. Rfe1 Be6 21. c3 Rd8
22. Rad1 a5 23. Ba6 Rb8 24. Bd3 a4 25. Bc2 axb3 26. axb3 Bf5
27. Bxf5 Rxf5 28. b4 Rf4 29. Re7 Ra8 30. Re2 Ra3 31. b5 cxb5
32. Rxd5 Rxc3 33. Rxb5 1/2-1/2

[Event "Chinese Chess League"]
[Site "CHN"]
[Date "2016.07.25"]
[EventDate "2016.04.12"]
[Round "10.1"]
[Result "1-0"]
[White "Shen Yang"]
[Black "Manli Liu"]
[WhiteElo "2472"]
[BlackElo "2015"]
[PlyCount "81"]

1. d4 Nf6 2. c4 e6 3. Nc3 d5 4. cxd5 Nxd5 5. e4 Nxc3 6. bxc3
c5 7. Rb1 cxd4 8. cxd4 Nc6 9. Bb5 Bd7 10. Nf3 Bb4+ 11. Kf1 Bd6
12. Ba4 Rb8 13. Bg5 Qc7 14. g3 O-O 15. Kg2 b6 16. h4 e5
17. Rc1 b5 18. Bb3 Bg4 19. d5 Nd4 20. Rxc7 Bxf3+ 21. Qxf3 Nxf3
22. Rxa7 Nxg5 23. hxg5 Ra8 24. Rb7 Rab8 25. Rxb8 Rxb8 26. Rc1
Kf8 27. Kf3 f6 28. gxf6 gxf6 29. Rc6 Ke7 30. Ra6 Rc8 31. Kg4
Rc1 32. Ra7+ Rc7 33. Ra8 Rc1 34. Ra5 b4 35. Ra8 Bc5 36. Rc8
Kd7 37. Rc6 Ke7 38. Rc7+ Kd8 39. Rxh7 Bxf2 40. d6 Rc6 41. Rh8+
1-0

[Event "Women's World Championship"]
[Site "Tehran IRI"]
[Date "2017.02.13"]
[EventDate "2017.02.11"]
[Round "1.3"]
[Result "1-0"]
[White "Shen Yang"]
[Black "Maritza Arribas Robaina"]
[WhiteElo "2479"]
[BlackElo "2295"]
[PlyCount "87"]

1. d4 Nf6 2. c4 e6 3. Nc3 d5 4. cxd5 exd5 5. Bg5 c6 6. e3 Be7
7. Bd3 O-O 8. Nge2 Re8 9. Qc2 Nbd7 10. O-O Nf8 11. Bxf6 Bxf6
12. b4 Qd6 13. b5 c5 14. dxc5 Qxc5 15. Ne4 Qb6 16. Nxf6+ Qxf6
17. Rac1 Be6 18. Nd4 g6 19. Qc7 Re7 20. Qd6 Rd7 21. Qa3 Qd8
22. f4 Re7 23. Qc5 Rc8 24. Nxe6 Rxc5 25. Nxd8 Rcc7 26. b6 axb6
27. Rxc7 Rxc7 28. Bb5 Nd7 29. f5 Nc5 30. fxg6 fxg6 31. a4 Re7
32. Rd1 Rxe3 33. Rxd5 Ra3 34. Rd4 Kf8 35. h4 Ke7 36. Nxb7 Ne6
37. Re4 Kf6 38. Nd6 Nc5 39. Rf4+ Ke7 40. Nc8+ Kd8 41. Nxb6
Ra1+ 42. Kh2 Ne6 43. Rf7 Nc5 44. Nd5 1-0

[Event "Women's World Championship"]
[Site "Tehran IRI"]
[Date "2017.02.13"]
[EventDate "2017.02.11"]
[Round "1.4"]
[Result "0-1"]
[White "Maritza Arribas Robaina"]
[Black "Shen Yang"]
[WhiteElo "2295"]
[BlackElo "2479"]
[PlyCount "83"]

1. e4 e5 2. Nf3 Nc6 3. Bb5 a6 4. Ba4 Nf6 5. O-O Be7 6. d3 b5
7. Bb3 d6 8. a4 Bg4 9. h3 Bxf3 10. Qxf3 Nd4 11. Qd1 Nxb3
12. cxb3 O-O 13. Nc3 b4 14. Ne2 d5 15. Qc2 a5 16. Bg5 Ra6
17. Rac1 c5 18. Ng3 Re8 19. Qe2 Qa8 20. Nf5 Bf8 21. Rfe1 Nd7
22. Ne3 Rg6 23. Qh5 dxe4 24. dxe4 Qxe4 25. Rc4 Qc6 26. Bh4 Nb6
27. Rg4 Nd5 28. Rxg6 hxg6 29. Qf3 Ne7 30. Qg4 Nf5 31. Nc4 Nd4
32. Nxa5 Qd5 33. Qd1 e4 34. Nc4 g5 35. Bg3 f5 36. Qh5 Qf7
37. Qxg5 Nxb3 38. Ne5 Qf6 39. Qe3 Nd4 40. f4 exf3 41. gxf3 Qa6
42. Kg2 0-1

[Event "Chinese Chess League"]
[Site "China CHN"]
[Date "2017.04.18"]
[EventDate "2017.04.18"]
[Round "1.3"]
[Result "1/2-1/2"]
[White "Huang Qian"]
[Black "Shen Yang"]
[WhiteElo "2450"]
[BlackElo "2473"]
[PlyCount "62"]

1. d4 d5 2. Nf3 Nf6 3. c4 c6 4. Nc3 e6 5. e3 Nbd7 6. Qc2 Bd6
7. Bd3 O-O 8. O-O e5 9. cxd5 cxd5 10. e4 exd4 11. Nxd5 Nxd5
12. exd5 h6 13. Nxd4 Qh4 14. Nf3 Qh5 15. Bh7+ Kh8 16. Qf5 Qxf5
17. Bxf5 Nf6 18. Bc2 b6 19. Ba4 Bb7 20. Bc6 Bxc6 21. dxc6 Rac8
22. Be3 Rxc6 23. Rac1 Rxc1 24. Rxc1 Rd8 25. g3 Kg8 26. Rd1 Bc7
27. Rxd8+ Bxd8 28. Kf1 Nd5 29. Bd4 f6 30. Ke2 Kf7 31. a3 Ke6
1/2-1/2

[Event "Chinese Chess League"]
[Site "China CHN"]
[Date "2017.04.19"]
[EventDate "2017.04.18"]
[Round "2.5"]
[Result "1/2-1/2"]
[White "Shen Yang"]
[Black "Tan Zhongyi"]
[WhiteElo "2473"]
[BlackElo "2508"]
[PlyCount "61"]

1. d4 Nf6 2. c4 e6 3. Nf3 d5 4. Nc3 Bb4 5. Bg5 h6 6. Bxf6 Qxf6
7. Qa4+ Nc6 8. e3 O-O 9. Be2 Bd7 10. Qc2 dxc4 11. O-O Na5
12. Ne5 Qe7 13. Ne4 Bd6 14. Nxd7 Qxd7 15. Bxc4 Nxc4 16. Qxc4
Be7 17. Rac1 c6 18. Qb3 Rfd8 19. Nc5 Bxc5 20. Rxc5 Qe7
21. Rfc1 Rd5 22. Qa3 Rxc5 23. Qxc5 Qxc5 24. Rxc5 a5 25. g4 Kf8
26. Kg2 Ke7 27. Kf3 Kd6 28. Ke4 a4 29. h4 b6 30. Rc2 Ra5
31. f3 1/2-1/2

[Event "Chinese Chess League"]
[Site "China CHN"]
[Date "2017.05.25"]
[EventDate "2017.04.18"]
[Round "7.2"]
[Result "1-0"]
[White "Shen Yang"]
[Black "Kaiyu Ning"]
[WhiteElo "2473"]
[BlackElo "2134"]
[PlyCount "71"]

1. d4 d5 2. c4 e6 3. Nc3 Nf6 4. cxd5 Nxd5 5. Qa4+ Bd7 6. Qb3
Bc6 7. e3 a6 8. Nf3 Nd7 9. Bd2 Nxc3 10. bxc3 Be4 11. Be2 Bd6
12. O-O O-O 13. Rfc1 c5 14. a4 Rc8 15. Be1 cxd4 16. cxd4 Rxc1
17. Rxc1 Qb8 18. Ng5 Bd5 19. Qc2 f5 20. Bc4 Rc8 21. Bxd5 Rxc2
22. Bxe6+ Kf8 23. Rxc2 Ke7 24. Bxf5 g6 25. Bd3 b5 26. axb5
axb5 27. Rb2 b4 28. Ne4 b3 29. Nxd6 Kxd6 30. Bc4 Qa7 31. Rxb3
Qa1 32. Kf1 Ke7 33. f3 Nf6 34. Rb7+ Ke8 35. Kf2 Kd8 36. g4 1-0

[Event "6th CHN w Masters"]
[Site "Wuxi CHN"]
[Date "2017.05.31"]
[EventDate "2017.05.27"]
[Round "5.5"]
[Result "1/2-1/2"]
[White "Tan Zhongyi"]
[Black "Shen Yang"]
[WhiteElo "2515"]
[BlackElo "2473"]
[PlyCount "113"]

1. d4 d5 2. c4 c6 3. Nf3 Nf6 4. e3 e6 5. Bd3 Nbd7 6. b3 Bd6
7. Bb2 b6 8. O-O Bb7 9. Nc3 O-O 10. Qe2 Re8 11. Rad1 Qe7
12. e4 dxe4 13. Nxe4 Nxe4 14. Qxe4 f5 15. Qh4 Qxh4 16. Nxh4 c5
17. d5 g6 18. dxe6 Nf8 19. Rfe1 Be7 20. Nf3 Bxf3 21. gxf3 Bh4
22. Bf1 Rxe6 23. f4 Rd8 24. Be5 Rxd1 25. Rxd1 Bf6 26. Bb8 Re7
27. Bg2 Kg7 28. Kf1 Bc3 29. Bd5 h6 30. Rc1 Bd2 31. Rc2 Nd7
32. Bd6 Re1+ 33. Kg2 Bc1 34. h4 g5 35. hxg5 hxg5 36. fxg5 Bxg5
37. f4 Be7 38. Kf2 Bh4+ 39. Kf3 Rf1+ 40. Kg2 Re1 41. Rd2 Nf8
42. Be5+ Bf6 43. Bb8 Ng6 44. Kf2 Re7 45. Re2 Bd4+ 46. Kf1 Be3
47. Bd6 Rd7 48. Be5+ Nxe5 49. fxe5 Bg5 50. a4 Re7 51. e6 Kf6
52. Rh2 Rg7 53. Ke2 Bf4 54. Rh8 Bd6 55. Rh6+ Ke7 56. Kf2 Be5
57. Rh5 1/2-1/2

[Event "Chinese Chess League"]
[Site "China CHN"]
[Date "2017.08.18"]
[EventDate "2017.04.18"]
[Round "12.3"]
[Result "1/2-1/2"]
[White "Shen Yang"]
[Black "Huang Qian"]
[WhiteElo "2468"]
[BlackElo "2439"]
[PlyCount "62"]

1. d4 d5 2. Nf3 Nf6 3. c4 c6 4. Nc3 dxc4 5. a4 Bf5 6. e3 e6
7. Bxc4 Bb4 8. O-O Nbd7 9. Qe2 O-O 10. e4 Bg6 11. Bd3 Bh5
12. e5 Nd5 13. Nxd5 cxd5 14. Qe3 Be7 15. Ng5 Bxg5 16. Qxg5 Bg6
17. Be2 Qxg5 18. Bxg5 Nb8 19. Be7 Rc8 20. Rac1 Nc6 21. Bc5 b6
22. Ba6 Rd8 23. Bd6 Nxd4 24. Rc7 Nb3 25. Bb7 Rab8 26. Be7 Re8
27. Ba6 Ra8 28. Bb7 Rab8 29. Ba6 Ra8 30. Bb7 Rab8 31. Ba6 Ra8
1/2-1/2

[Event "Chinese Chess League"]
[Site "China CHN"]
[Date "2017.08.21"]
[EventDate "2017.04.18"]
[Round "15.6"]
[Result "0-1"]
[White "Shiqun Ni"]
[Black "Shen Yang"]
[WhiteElo "2432"]
[BlackElo "2468"]
[PlyCount "158"]

1. e4 e5 2. Nf3 Nc6 3. Bb5 a6 4. Ba4 Nf6 5. O-O Be7 6. d3 b5
7. Bb3 d6 8. a3 O-O 9. Nc3 Na5 10. Ba2 Be6 11. b4 Bxa2
12. Rxa2 Nc6 13. Bg5 Nd7 14. Be3 f5 15. exf5 Rxf5 16. Nd5 Kh8
17. c4 Nf6 18. Qc2 Nb8 19. d4 Rh5 20. Nxf6 gxf6 21. Rc1 c6
22. dxe5 fxe5 23. a4 bxc4 24. Qxc4 Rf5 25. Rac2 Qg8 26. Qe4
Qg6 27. Nh4 Bxh4 28. Qxh4 Qf6 29. Qh3 Qg6 30. Rc4 Qf7 31. Rg4
Rh5 32. Rh4 Rxh4 33. Qxh4 Nd7 34. Rxc6 Qd5 35. Rc1 Qe6 36. Qh6
Qxh6 37. Bxh6 Kg8 38. Rc7 Nb6 39. a5 Nd5 40. Rg7+ Kh8 41. Rb7
Kg8 42. h3 Nc3 43. Kh2 Nb5 44. g4 Rc8 45. Rg7+ Kh8 46. Rb7 Kg8
47. Rb6 Ra8 48. h4 Kf7 49. h5 Ra7 50. Kg3 Ke6 51. Kf3 Kd5
52. Ke3 Nd4 53. Bf8 Nb5 54. g5 Rf7 55. Bh6 Nd4 56. Rxa6 Rf3+
57. Kd2 Rxf2+ 58. Ke1 Rh2 59. Bf8 Ke4 60. Bxd6 Ke3 61. Kf1
Rf2+ 62. Ke1 Ra2 63. Kf1 Kf3 64. Ke1 e4 65. Bc5 Ra1+ 66. Kd2
e3+ 67. Kd3 Rd1+ 68. Kc4 e2 69. Rf6+ Kg4 70. Bxd4 e1=Q 71. Rd6
Qe7 72. Bc5 Rxd6 73. Bxd6 Qxd6 74. g6 hxg6 75. hxg6 Qc6+
76. Kb3 Qxg6 77. b5 Qd3+ 78. Kb4 Qd4+ 79. Kb3 Qc5 0-1

[Event "Chinese Chess League"]
[Site "China CHN"]
[Date "2017.11.02"]
[EventDate "2017.04.18"]
[Round "16.1"]
[Result "0-1"]
[White "Shen Yang"]
[Black "Wang Jue"]
[WhiteElo "2473"]
[BlackElo "2352"]
[PlyCount "78"]

1. d4 d5 2. Bf4 Nf6 3. e3 Bf5 4. c4 e6 5. Nc3 Bb4 6. Qb3 Nc6
7. Nf3 a5 8. Qa4 O-O 9. a3 Bxc3+ 10. bxc3 Ne4 11. cxd5 exd5
12. c4 Ne7 13. Rc1 dxc4 14. Bxc4 Nd5 15. Bg3 c6 16. Qd1 Nb6
17. Bd3 Qe7 18. Ra1 a4 19. Nh4 Nxg3 20. Nxf5 Nxf5 21. Bxf5 g6
22. Bd3 c5 23. dxc5 Qxc5 24. O-O Nd5 25. Qb1 Rfd8 26. Rc1 Nc3
27. Qc2 Rac8 28. h3 Rd6 29. Bf1 Rb6 30. Qd2 Rb3 31. Qd7 Rc7
32. Qd8+ Kg7 33. Rc2 Rc6 34. Rd1 Qf5 35. Rd3 Ne2+ 36. Rxe2
Rxd3 37. Qe7 Rd1 38. f4 Rcc1 39. Rf2 Qb5 0-1

[Event "Chinese Chess League"]
[Site "China CHN"]
[Date "2017.11.04"]
[EventDate "2017.04.18"]
[Round "18.2"]
[Result "1/2-1/2"]
[White "Zhang Xiaowen"]
[Black "Shen Yang"]
[WhiteElo "2328"]
[BlackElo "2473"]
[PlyCount "50"]

1. e4 e5 2. Nf3 Nc6 3. Bb5 Nf6 4. d3 Bc5 5. c3 O-O 6. Bg5 h6
7. Bh4 Be7 8. O-O d6 9. Nbd2 Nh5 10. Bxe7 Qxe7 11. Nc4 Nf4
12. Ne3 Qf6 13. g3 Nh3+ 14. Kh1 Ne7 15. Bc4 Ng6 16. Qe2 c6
17. Bb3 a5 18. a4 Be6 19. Bxe6 fxe6 20. Nd2 Nxf2+ 21. Kg2 Nh4+
22. Kg1 Nh3+ 23. Kh1 Nf2+ 24. Kg1 Nh3+ 25. Kh1 Nf2+ 1/2-1/2

[Event "Chinese Chess League"]
[Site "China CHN"]
[Date "2017.12.05"]
[EventDate "2017.04.18"]
[Round "22.4"]
[Result "0-1"]
[White "Xing Hong"]
[Black "Shen Yang"]
[WhiteElo "2017"]
[BlackElo "2465"]
[PlyCount "100"]

1. e4 e5 2. Nf3 Nc6 3. Nc3 Nf6 4. d4 exd4 5. Nxd4 Bc5 6. Nxc6
bxc6 7. Bd3 d6 8. Bg5 h6 9. Bh4 Be6 10. Na4 Bd4 11. Ba6 c5
12. c3 Be5 13. O-O g5 14. f4 gxf4 15. Bb5+ Kf8 16. Qc1 Rb8
17. Bc6 Bd7 18. Bxd7 Qxd7 19. Bxf6 Bxf6 20. Qxf4 Be5 21. Qf5
Qxf5 22. Rxf5 c4 23. Raf1 Rh7 24. Nc5 Ke7 25. R1f2 c6 26. g3
f6 27. Na4 Rb5 28. Kg2 Ke6 29. Rh5 Ra5 30. b3 cxb3 31. axb3
Bxc3 32. Rhf5 Be5 33. Nb2 Rb5 34. R5f3 Rhb7 35. Nc4 Bd4
36. Rd2 Bc5 37. Rdd3 a5 38. Nd2 Rb4 39. g4 Rg7 40. h3 h5
41. Rf4 hxg4 42. h4 Bd4 43. Rf1 Be5 44. Rd1 a4 45. bxa4 Rxa4
46. Kf2 Rh7 47. Rh1 Bf4 48. Nb3 Ra2+ 49. Kg1 c5 50. Rc3 Ke5
0-1

[Event "World Rapid Championship (Women)"]
[Site "Riyadh KSA"]
[Date "2017.12.26"]
[EventDate "2017.12.26"]
[Round "1.18"]
[Result "1-0"]
[White "Shen Yang"]
[Black "Daria Charochkina"]
[WhiteElo "2465"]
[BlackElo "2317"]
[PlyCount "249"]

1. d4 f5 2. c4 Nf6 3. Nf3 e6 4. Nc3 Bb4 5. Qb3 a5 6. a3 a4
7. Qc2 Bxc3+ 8. Qxc3 O-O 9. g3 b6 10. Bg2 Bb7 11. O-O Qe7
12. Bf4 d6 13. Rad1 Be4 14. Rfe1 Nc6 15. Bf1 Na5 16. Nd2 Bb7
17. Bg2 Bxg2 18. Kxg2 Nh5 19. Qf3 Nxf4+ 20. gxf4 c5 21. d5 e5
22. Kh1 e4 23. Qc3 Qf6 24. Rg1 Rab8 25. Rb1 Qxc3 26. bxc3 Rb7
27. Rb5 h6 28. Rg6 Rf6 29. Rxf6 gxf6 30. Kg2 Kf7 31. e3 Rb8
32. f3 exf3+ 33. Kxf3 Kg6 34. Rb1 Kf7 35. Ke2 Ke7 36. Rg1 Kf7
37. Kd3 b5 38. cxb5 Rxb5 39. e4 c4+ 40. Ke3 fxe4 41. Kxe4 f5+
42. Kd4 Nb3+ 43. Nxb3 cxb3 44. c4 Rc5 45. Kc3 Rc8 46. Kb4 Rg8
47. Rf1 Ra8 48. Rf2 Ke7 49. Re2+ Kd7 50. Rg2 Ke7 51. Rg7+ Kf6
52. Rb7 Kg6 53. c5 dxc5+ 54. Kxc5 Rc8+ 55. Kd6 Rc2 56. h3 b2
57. Ke6 Re2+ 58. Kd7 Kf7 59. d6 Kf8 60. Rb5 Kg7 61. Kd8 Rd2
62. d7 Rc2 63. Ke7 Re2+ 64. Kd6 Rd2+ 65. Ke6 Kg6 66. Ke7 Re2+
67. Kf8 Rd2 68. Rb6+ Kh5 69. Ke7 Re2+ 70. Kf7 Rd2 71. Ke6 Re2+
72. Kxf5 Rd2 73. Ke6 Re2+ 74. Kf7 Rd2 75. Ke7 Re2+ 76. Kf6 Rd2
77. Rb5+ Kh4 78. Ke7 Re2+ 79. Kf7 Rd2 80. Ke8 Re2+ 81. Kd8 h5
82. f5 Kg5 83. Kc7 Rc2+ 84. Kd6 Rd2+ 85. Ke7 Re2+ 86. Kf7 Rd2
87. f6+ Kh6 88. Rxb2 Rxd7+ 89. Ke8 Ra7 90. Rf2 Ra8+ 91. Ke7
Ra7+ 92. Kd6 Kg6 93. h4 Ra6+ 94. Ke5 Ra5+ 95. Ke4 Kf7 96. Rf5
Ra8 97. Ke5 Re8+ 98. Kf4 Rg8 99. Rxh5 Kxf6 100. Ra5 Rh8
101. Ra6+ Kf7 102. Kg5 Rg8+ 103. Kf5 Rb8 104. Ra7+ Kg8
105. Rxa4 Rb5+ 106. Ke6 Kg7 107. Re4 Ra5 108. a4 Ra6+ 109. Kd5
Ra5+ 110. Kc6 Rf5 111. Rd4 Kh7 112. Kb6 Rf6+ 113. Kb5 Rf5+
114. Kb4 Rf6 115. a5 Re6 116. Kc5 Kg7 117. Rd7+ Kf8 118. Rd6
Re5+ 119. Kb6 Ke7 120. Rg6 Kf7 121. Rh6 Kg7 122. Rd6 Kf7
123. a6 Re8 124. a7 Kg7 125. Rd7+ 1-0

[Event "World Rapid Championship (Women)"]
[Site "Riyadh KSA"]
[Date "2017.12.26"]
[EventDate "2017.12.26"]
[Round "2.10"]
[Result "1/2-1/2"]
[White "Ding Yixin"]
[Black "Shen Yang"]
[WhiteElo "2424"]
[BlackElo "2465"]
[PlyCount "157"]

1. d4 d5 2. Bf4 Nf6 3. e3 c5 4. c3 Nc6 5. Nd2 Bf5 6. Ngf3 e6
7. Bb5 Qb6 8. Qa4 a6 9. Bxc6+ Qxc6 10. Qxc6+ bxc6 11. O-O Nd7
12. c4 Be7 13. Rfc1 f6 14. Nb3 Rc8 15. Bg3 Bg4 16. dxc5 e5
17. cxd5 cxd5 18. c6 Nb6 19. Na5 Be6 20. Nd2 Bb4 21. Ndb3 Nc4
22. Nxc4 dxc4 23. a3 Bd6 24. Na5 Ke7 25. Nxc4 Rxc6 26. Nxd6
Kxd6 27. f4 Bd5 28. Rd1 exf4 29. exf4 f5 30. Rd2 Ke6 31. Bf2
Rhc8 32. Rad1 Be4 33. Bd4 g6 34. Bc3 R8c7 35. Kf2 Rb7 36. g3
h5 37. Bb4 Rbc7 38. Bc3 Rb7 39. Be5 Kf7 40. Rd7+ Rxd7
41. Rxd7+ Ke6 42. Rg7 Kd5 43. Ke3 Rb6 44. Rd7+ Ke6 45. Rd2
Rb3+ 46. Kd4 Rb5 47. Kc4 Bd5+ 48. Kc3 Rb3+ 49. Kd4 Rb5 50. b4
Be4 51. Kc4 Bd5+ 52. Kc3 Rb6 53. a4 Rc6+ 54. Kd3 Bb3 55. a5
Bc4+ 56. Kd4 Bb5 57. Ke3 Ke7 58. Bd4 Re6+ 59. Kf2 Ke8 60. Bc5
Kf7 61. h3 Ke8 62. Bd6 Kf7 63. Be5 Ke8 64. g4 hxg4 65. hxg4
fxg4 66. Kg3 g5 67. Kxg4 gxf4 68. Kxf4 Rc6 69. Kf5 Rh6 70. Bf6
Rh3 71. Bg5 Kf7 72. Rd6 Rd3 73. Rf6+ Ke8 74. Rb6 Kd7 75. Bf4
Rd4 76. Rb7+ Kc8 77. Rb8+ Kd7 78. Rb7+ Kc8 79. Rb8+ 1/2-1/2

[Event "World Rapid Championship (Women)"]
[Site "Riyadh KSA"]
[Date "2017.12.26"]
[EventDate "2017.12.26"]
[Round "3.12"]
[Result "1/2-1/2"]
[White "Shen Yang"]
[Black "Martha Lorena Fierro Baquero"]
[WhiteElo "2465"]
[BlackElo "2369"]
[PlyCount "137"]

1. d4 g6 2. e4 Bg7 3. Nf3 d6 4. Nc3 Nf6 5. h3 O-O 6. Be3 Nbd7
7. Bc4 e5 8. O-O c6 9. Bb3 Qe7 10. Re1 b5 11. d5 Bb7 12. a3 a6
13. dxc6 Bxc6 14. Bg5 h6 15. Bh4 Nc5 16. Bd5 Rac8 17. a4 b4
18. Bxf6 Qxf6 19. Bxc6 bxc3 20. Bd5 cxb2 21. Ra2 Rb8 22. Qb1
Rb4 23. Rxb2 Rxb2 24. Qxb2 Nxa4 25. Qb4 Nc5 26. Nd2 Rc8
27. Nc4 Bf8 28. Rb1 Qd8 29. Qa3 Kg7 30. Rb6 Be7 31. Qf3 Ne6
32. Rxa6 Nf4 33. Ne3 Rc3 34. Qd1 Qc8 35. Ra7 Rc7 36. Ra8 Qd7
37. Bb3 Ra7 38. Rxa7 Qxa7 39. Kh2 Qd4 40. Qf3 Qd2 41. Nc4 Qe1
42. Nb6 Qe2 43. Qxe2 Nxe2 44. Bc4 Nd4 45. c3 Ne6 46. Nc8 Bf8
47. f3 Nc5 48. Kg3 Na4 49. Kf2 Nxc3 50. Ke3 Na4 51. Kd2 f5
52. Na7 Kf6 53. Nb5 Nc5 54. Nc3 fxe4 55. Nxe4+ Kf5 56. Nxc5
dxc5 57. Ke3 h5 58. h4 Bh6+ 59. Kf2 e4 60. fxe4+ Kxe4 61. Bf7
Kf5 62. Kf3 Bg7 63. Ke2 Bf6 64. g3 Kg4 65. Kf2 Bd4+ 66. Kg2
Kf5 67. Kf3 Be5 68. Bc4 Bd4 69. Bf7 1/2-1/2

[Event "World Rapid Championship (Women)"]
[Site "Riyadh KSA"]
[Date "2017.12.26"]
[EventDate "2017.12.26"]
[Round "4.14"]
[Result "1/2-1/2"]
[White "Zeinab Mamedjarova"]
[Black "Shen Yang"]
[WhiteElo "2363"]
[BlackElo "2465"]
[PlyCount "151"]

1. d4 d5 2. Nf3 Nf6 3. e3 c5 4. Be2 Nc6 5. O-O cxd4 6. exd4
Bg4 7. c3 e6 8. Ne5 Bxe2 9. Qxe2 Nxe5 10. dxe5 Nd7 11. Nd2 Bc5
12. c4 dxc4 13. Nxc4 O-O 14. Bf4 Qe7 15. Rfd1 Rfd8 16. Rd3 Nf8
17. Rad1 Ng6 18. Be3 Bxe3 19. Qxe3 Rxd3 20. Rxd3 h6 21. g3 Qb4
22. b3 b5 23. Nd6 Rf8 24. h4 a5 25. Kg2 a4 26. bxa4 bxa4
27. h5 Ne7 28. Rd4 Qa5 29. Rg4 Qd5+ 30. Qe4 Ra8 31. Qxd5 Nxd5
32. Rc4 Kf8 33. a3 Ke7 34. Ne4 Ra5 35. Rc8 Nb6 36. Rc7+ Nd7
37. f4 Rd5 38. Kh3 f6 39. Nc3 Rd4 40. Ra7 fxe5 41. fxe5 Rd3
42. Ne4 Rd5 43. Rxa4 Rxe5 44. g4 Kd8 45. Kg3 Nb6 46. Rd4+ Ke7
47. Rb4 Nd7 48. a4 Ra5 49. Kf4 Kd8 50. g5 Rf5+ 51. Kg4 Ne5+
52. Kg3 hxg5 53. a5 g4 54. a6 Rf3+ 55. Kh4 Ra3 56. Rb8+ Kc7
57. Rb7+ Kc6 58. Rxg7 Rxa6 59. h6 Ra2 60. h7 Rh2+ 61. Kg5 Kd5
62. Nf6+ Kd4 63. Nh5 Nf3+ 64. Kxg4 Rh4+ 65. Kxf3 Rxh5 66. Kg4
Rh1 67. Kg5 e5 68. Rd7+ Ke3 69. Kg6 e4 70. Rd5 Rxh7 71. Kxh7
Kf2 72. Kg6 e3 73. Rf5+ Kg3 74. Re5 Kf2 75. Kf5 e2 76. Rxe2+
1/2-1/2

[Event "World Rapid Championship (Women)"]
[Site "Riyadh KSA"]
[Date "2017.12.26"]
[EventDate "2017.12.26"]
[Round "5.14"]
[Result "1/2-1/2"]
[White "Shen Yang"]
[Black "Natalia Zhukova"]
[WhiteElo "2465"]
[BlackElo "2444"]
[PlyCount "68"]

1. d4 Nf6 2. Bf4 e6 3. Nf3 b6 4. e3 Bb7 5. Bd3 Be7 6. h3 O-O
7. O-O c5 8. c3 d6 9. Bh2 Nbd7 10. Nbd2 cxd4 11. exd4 Qc7
12. Re1 Rfe8 13. a4 a6 14. Qb3 Bf8 15. Re2 Bc6 16. Rae1 b5
17. axb5 axb5 18. Ng5 h6 19. Nge4 Nd5 20. c4 bxc4 21. Bxc4
Reb8 22. Qc2 Qb6 23. Nxd6 Bxd6 24. Bxd6 Ba4 25. b3 Bxb3
26. Bxb3 Qxd6 27. Ne4 Qb4 28. Bxd5 exd5 29. Nc5 Rc8 30. Re7
Qxd4 31. Rxd7 Rxc5 32. Qf5 Qf6 33. Qxf6 gxf6 34. Ree7 Rf8
1/2-1/2

[Event "World Rapid Championship (Women)"]
[Site "Riyadh KSA"]
[Date "2017.12.27"]
[EventDate "2017.12.26"]
[Round "6.13"]
[Result "1/2-1/2"]
[White "Tuvshintugs Batchimeg"]
[Black "Shen Yang"]
[WhiteElo "2398"]
[BlackElo "2465"]
[PlyCount "98"]

1. d4 d5 2. c4 c6 3. Nf3 Nf6 4. e3 Bg4 5. Qb3 Qb6 6. Ne5 Bf5
7. Nc3 e6 8. Be2 Nbd7 9. Nxd7 Nxd7 10. Bd2 Qxb3 11. axb3 Bc2
12. Bd1 Bd3 13. Be2 Bc2 14. Bd1 Bxd1 15. Kxd1 a6 16. e4 dxe4
17. Nxe4 Be7 18. Kc2 O-O 19. Bf4 Nf6 20. Nxf6+ Bxf6 21. Be5
Rfd8 22. Rhd1 Rd7 23. Bxf6 gxf6 24. Rd3 Rad8 25. Rad1 f5
26. b4 Kg7 27. Kc3 Kf6 28. Rg3 h6 29. f4 Rc8 30. Rh3 Kg7
31. Rdd3 Rcd8 32. Rdg3+ Kh7 33. Rd3 Rg8 34. Rhg3 Rg4 35. Rdf3
h5 36. h3 Rxg3 37. Rxg3 Rd8 38. Rg5 h4 39. Rh5+ Kg6 40. Rxh4
f6 41. g4 b6 42. Rh5 Rc8 43. Rh4 a5 44. bxa5 bxa5 45. b3 Rd8
46. Rh5 Rc8 47. Rh4 Ra8 48. Rh5 Rd8 49. Rh4 Rc8 1/2-1/2

[Event "World Rapid Championship (Women)"]
[Site "Riyadh KSA"]
[Date "2017.12.27"]
[EventDate "2017.12.26"]
[Round "7.16"]
[Result "1/2-1/2"]
[White "Shen Yang"]
[Black "Turkan Mamedjarova"]
[WhiteElo "2465"]
[BlackElo "2260"]
[PlyCount "87"]

1. d4 d5 2. Bf4 Nf6 3. e3 e6 4. Nd2 Bd6 5. Ngf3 O-O 6. Bd3 c5
7. c3 cxd4 8. Bxd6 Qxd6 9. exd4 Nc6 10. O-O e5 11. dxe5 Nxe5
12. Nxe5 Qxe5 13. Nf3 Qh5 14. Nd4 Qh4 15. Qf3 Ne4 16. Rfe1 f5
17. Bc2 b5 18. Bb3 Bb7 19. Nxf5 Qxf2+ 20. Qxf2 Nxf2 21. Nd4 a5
22. a3 Ra6 23. Ne6 Nd3 24. Nxf8 Nxe1 25. Nd7 Nd3 26. Rf1 Ra8
27. Nb6 Rd8 28. Bc2 Nxb2 29. Rb1 Rd6 30. Nxd5 Bxd5 31. Rxb2
Bc4 32. a4 Rd5 33. axb5 Rxb5 34. Rxb5 Bxb5 35. Kf2 h6 36. Ke3
Kf7 37. Kd4 Ke6 38. Kc5 Bf1 39. g3 g5 40. Kb6 Kd5 41. Bb3+ Bc4
42. Ba4 Bd3 43. Bb3+ Bc4 44. Ba4 1/2-1/2

[Event "World Rapid Championship (Women)"]
[Site "Riyadh KSA"]
[Date "2017.12.27"]
[EventDate "2017.12.26"]
[Round "8.15"]
[Result "1/2-1/2"]
[White "Elvira Berend"]
[Black "Shen Yang"]
[WhiteElo "2355"]
[BlackElo "2450"]
[PlyCount "108"]

1. e4 e5 2. Nf3 Nc6 3. Bc4 Bc5 4. O-O Nf6 5. d3 d6 6. c3 Bb6
7. a4 a5 8. Na3 Ne7 9. Bb3 c6 10. Bc2 O-O 11. Nc4 Bc7 12. d4
exd4 13. Qxd4 d5 14. exd5 Nexd5 15. Qh4 h6 16. h3 Re8 17. Rd1
Qe7 18. Bd2 Nh7 19. Qxe7 Rxe7 20. Nd4 Bd7 21. Nf5 Re6 22. Nce3
Nhf6 23. Nxd5 Nxd5 24. c4 Nf6 25. Bc3 Be5 26. Rab1 b6 27. Nd4
Rd6 28. Ne2 Rxd1+ 29. Rxd1 Bxc3 30. Nxc3 Kf8 31. f4 Ke7
32. Kf2 Be6 33. b3 Rd8 34. Rxd8 Kxd8 35. g4 Ke7 36. Ke3 Kd6
37. Kd4 g5 38. f5 Bd7 39. Ne4+ Nxe4 40. Bxe4 f6 41. Bf3 Be8
42. Be4 Bf7 43. Bf3 Be8 44. Be4 h5 45. Bf3 hxg4 46. hxg4 Bf7
47. Be4 b5 48. c5+ Kc7 49. Kc3 b4+ 50. Kc2 Kd7 51. Bf3 Bd5
52. Bxd5 cxd5 53. Kd3 Kc7 54. Ke3 Kd7 1/2-1/2